modern day countries that the Mongolian empire had territories in - Statistics

General Stats
  • This quiz has been taken 125 times
  • The average score is 24 of 28
Answer Stats
Hint Answer % Correct
97% China
98%
34% Russia
95%
100% Mongolia
94%
100% Kazakhstan
93%
7% India
92%
100% North korea
91%
100% South korea
91%
63% Turkey
91%
100% Uzbekistan
89%
100% Iran
88%
46% Iraq
87%
64% Pakistan
87%
98% Ukraine
87%
100% Kyrgyzstan
86%
100% Tajikistan
86%
100% Georgia
85%
100% Turkmenistan
85%
100% Armenia
84%
3% Poland
82%
100% Afghanistan
81%
100% Azerbaijan
81%
54% Romania
80%
5% Syria
80%
3% Vietnam
80%
96% Belarus
78%
3% Laos
76%
7% Myanmar
71%
100% Moldova
69%
No matching quizzes found
Score Distribution
Percent of People with Each Score
Percentile by Number Answered
Your Score History
You have not taken this quiz